New UK Cities - Statistics

General Stats
  • This quiz has been taken 182 times
  • The average score is 5 of 8
Answer Stats
Location Answer % Correct
Isle of Man Douglas
86%
Falkland Islands Stanley
69%
North East Wales Wrexham
63%
South Yorkshire, England Doncaster
60%
Essex, England Colchester
55%
Buckinghamshire, England Milton Keynes
52%
County Down, Northern Ireland Bangor
51%
Fife, Scotland Dunfermline
44%
No matching quizzes found
Score Distribution
Percent of People with Each Score
Percentile by Number Answered
Your Score History
You have not taken this quiz